000 00866nam0a22002411 4500
001 rc\4323300
005 20250611155238.0
035 _a(NLR Aleph) 008267294
090 _a8433999
_c8433999
100 _a20130416d1968 |||y0rusy50 ca
101 0 _arus
102 _aRU
105 _ay z |||||
200 1 _aПолномочия военного следователя
_eЛекция...
_fВоен.-полит. ордена Ленина краснознам. акад. им. В.И. Ленина
210 _aМосква
_cБ. и.
_d1968
215 _a40 с.
_d20
300 _aПеред загл. авт.: майор юстиции С.С. Гребенников
700 1 _aГребенников
_bС.С.
_gСергей Степанович
801 0 _aRU
_bNLR
_gpsbo
801 1 _aRU
_bELAR
_2rusmarc
852 _aNLR
_j50К/13435
942 _cBOOK
980 _aNB